000
00313nam a22001457a 4500
008
210310b ||||| |||| 00| 0 eng d
020
_a
9780176656690
041
_a
eng
080
_2
3rd
_a
371
082
_a
371
100
_a
46
101
_a
EDU
245
_a
Checkmate Workbook
_c
Buckley,J
942
_2
udc
_c
BK
999
_c
56203
_d
56203